1425 1071 1055 1106 1622 1319 1346 1215 1306 1325 1827 1679 1602 1506 1621 1130 1301 1241 1444 1092 1561 1534 1481 1756 1868 1052 1829 1470 1029 1680 1526 1697 1011 1183 1285 1521 1688 1754 1805 1955 1592 1365 1737 1850 1812 1417 1340 1166 1051 1807 1625 1183 1383 1481 1447 1860 1442 1458 1061 1946 1839 1211 1477 1530 1727 1866 1666 1665 1986 1237 1581 1471 1322 1201 1238 1256 1511 1254 1846 1517 1122 1925 1432 1837 1735 1851 1171 1337 1251 1876 1687 1565 1599 1186 1605 1016 1086 1515 1530 BCNSPRNW ULIB Ver.6.0+V

เปลี่ยนเป็นภาษาไทย

Change to English
 แสดงรายละเอียดบรรณานุกรม
  กลับหน้าหลัก

Brief Record : Get Marc (ISO 2709) : E-mail record : QR code < ปิดหน้าต่าง
LEADER : 00000nam 2200000uu 4500
001    13399112963
003     ULIB
008    110920s2554||||th 000 0 tha d
020    9786165001328
090    นว.^bซ116ค
100 0  ซ่อนกลิ่น
245 00 คุณชายรัชชานนท์/^cซ่อนกลิ่น
250    พิมพ์ครั้งที่ 4
260    กรุงเทพฯ :^bพิมพ์คำ,^c2554
300    451 หน้า
490 0  นวนิยายชุด สุภาพบุรุษจุฑาเทพ
945    ^p270^l0^i18627
995    กัณชพร
999    ^aใช้งานได้ทุกระบบ
รายการนี้ยังไม่มีแท็ก
คุณยังไม่ได้ล็อกอิน คุณสามารถมีกิจกรรมร่วมกับเว็บไซต์ได้ แต่ต้องล็อกอินก่อน ::
  ล็อกอิน

รายการสื่อสารสนเทศ

ลำดับที่ ประเภท เลขเรียก/บาร์โค้ด สถานที่ สถานะ
1. นวนิยาย
นวนิยาย
นว. ซ116ค  
  Barcode: 18627
ห้องสมุดวิทยาเขตสวรรค์ประชารักษ์
►นวนิยาย
บนชั้น
  ขอยืม

รายการใกล้เคียง
    ผู้แต่ง [ซ่อนกลิ่น]

BibComment


ยังไม่เคยถูกคอมเมนท์

คอมเมนท์ทรัพยากรรายการนี้
  คอมเมนท์: คุณชายรัชชานนท์ ซ..


 Copyright 2026. Bcnsprnw @Library